| 000 | 00771nam a2200205Ia 4500 | ||
|---|---|---|---|
| 005 | 20250516171916.0 | ||
| 008 | 210122b ###||||| |||| 00| 0 spa d | ||
| 040 |
_aBIBLIOTECA MUNICIPAL DE BARRANCO _cBIBLIOTECA MUNICIPAL DE BARRANCO |
||
| 043 | _cPe. | ||
| 082 |
_2335.41 _bA71M 1980. |
||
| 100 | _aAricó, José, 1931-1991. | ||
| 245 | 0 |
_aMarx y américa latina / _cJosé Arico. |
|
| 260 |
_aLima : _b Centro de Estudios para el Desarrollo y la Participación, _c1980. |
||
| 300 |
_a179 p. ; _c21 cm. |
||
| 600 | 0 |
_97367 _aMarx, Karl, 1818-1883. |
|
| 650 | 0 |
_97368 _aMarxismo-América Latina. |
|
| 710 |
_96287 _aCentro de Estudios para el Desarrollo y la Participación (Perú) |
||
| 942 |
_cBK _2ddc _zAAOH _e2025-05-16 |
||
| 999 |
_c7362 _d7362 |
||